Mexican Interiors /
Los autores de este libro hacen un estudio de las influencias artísticas que ha recibido México hasta llevarlo a tener un estilo tan peculiar en los interiores de sus casas. Entre estas influencias se encuentran algunos rasgos de la vieja España, así como diseños de la época prehispánica.
Uloženo v:
| Hlavní autor: | |
|---|---|
| Další autoři: | |
| Médium: | Kniha |
| Jazyk: | angličtina |
| Vydáno: |
Nueva York, EUA :
Architectural Book Publishing,
1965, c1962
|
| Témata: | |
| Tagy: |
Žádné tagy, Buďte první, kdo vytvoří štítek k tomuto záznamu!
|
MARC
| LEADER | 00000nam^a2200000^a^4500 | ||
|---|---|---|---|
| 001 | 000125289 | ||
| 005 | 20250521000000.0 | ||
| 009 | 20260310094643.402 | ||
| 037 | |a Acervo ITESO - Biblioteca | ||
| 041 | |a ING | ||
| 082 | |a 747. 2972 |b SHI | ||
| 100 | |a Shipway, Verna Cook |e (autor) | ||
| 245 | 1 | 0 | |a Mexican Interiors / |c V. Cook Shipway, W. Shipway. |
| 264 | 4 | |a Nueva York, EUA : |b Architectural Book Publishing, |c 1965, c1962 | |
| 300 | |a XIII, 257 p. | ||
| 336 | |a texto |b txt |2 rdacontenido | ||
| 337 | |a sin mediación |b n |2 rdamedio | ||
| 338 | |a volumen |b nc |2 rdasoporte | ||
| 520 | |a Los autores de este libro hacen un estudio de las influencias artísticas que ha recibido México hasta llevarlo a tener un estilo tan peculiar en los interiores de sus casas. Entre estas influencias se encuentran algunos rasgos de la vieja España, así como diseños de la época prehispánica. | ||
| 649 | |a XX | ||
| 650 | |a Objetos Decorativos - |z México | ||
| 650 | |a Puertas | ||
| 650 | |a Techos | ||
| 650 | |a Camas | ||
| 650 | |a Mesas | ||
| 650 | |a Sillas | ||
| 650 | |a Roperos y Cajoneras | ||
| 650 | |a Muebles de Recámara | ||
| 650 | |a Muebles de Oficina | ||
| 650 | |a Muebles de Comedor | ||
| 650 | |a Muebles | ||
| 650 | |a Dormitorios - |z México | ||
| 650 | |a Comedores - |z México | ||
| 650 | |a Cocinas - |z México | ||
| 650 | |a Vivienda - |z México | ||
| 650 | |a Acabados Arquitectónicos - |z México | ||
| 650 | |a Decoración y Ornamentación - |z México | ||
| 650 | |a Arquitectura Mexicana | ||
| 650 | |a Arte Mexicano | ||
| 700 | |a Shipway, Warren |e (autor) | ||
| 910 | |a Fondo Salvador Reynoso Reynoso | ||
| 920 | |a Impresos - Libros | ||
| 930 | |a Fondos Especiales | ||
| 905 | |a 112 | ||
| 901 | |a 0800007990 |b IT2 |c ESP |u 20250521 | ||
| 902 | |a https://opac.biblio.iteso.mx/vufind/Record/000125289 | ||